<?xml version="1.0" encoding="UTF-8"?>
<collection xmlns="http://www.loc.gov/MARC21/slim">
 <record>
  <leader>01566nam0a2200265   4500</leader>
  <controlfield tag="001">in00000004256</controlfield>
  <controlfield tag="005">20230616112213.5</controlfield>
  <datafield tag="010" ind1=" " ind2=" ">
   <subfield code="a">978-7-5136-5477-7</subfield>
   <subfield code="d">CNY58.00</subfield>
  </datafield>
  <datafield tag="035" ind1=" " ind2=" ">
   <subfield code="a">010525270</subfield>
  </datafield>
  <datafield tag="100" ind1=" " ind2=" ">
   <subfield code="a">20210628d2021    em y0chiy50      ea</subfield>
  </datafield>
  <datafield tag="101" ind1="0" ind2=" ">
   <subfield code="a">chi</subfield>
  </datafield>
  <datafield tag="102" ind1=" " ind2=" ">
   <subfield code="a">CN</subfield>
   <subfield code="b">110000</subfield>
  </datafield>
  <datafield tag="105" ind1=" " ind2=" ">
   <subfield code="a">y   z   000yy</subfield>
  </datafield>
  <datafield tag="106" ind1=" " ind2=" ">
   <subfield code="a">r</subfield>
  </datafield>
  <datafield tag="200" ind1="1" ind2=" ">
   <subfield code="a">人才使用这样做才有效</subfield>
   <subfield code="9">ren cai shi yong zhe yang zuo cai you xiao</subfield>
   <subfield code="e">升级你的用人能力，让人才愿意主动创造价值</subfield>
   <subfield code="f">董超，丁路遥，朱燕著</subfield>
  </datafield>
  <datafield tag="210" ind1=" " ind2=" ">
   <subfield code="a">北京</subfield>
   <subfield code="c">中国经济出版社</subfield>
   <subfield code="d">2021</subfield>
  </datafield>
  <datafield tag="215" ind1=" " ind2=" ">
   <subfield code="a">244页</subfield>
   <subfield code="d">24cm</subfield>
  </datafield>
  <datafield tag="300" ind1=" " ind2=" ">
   <subfield code="a">人才管理系列</subfield>
  </datafield>
  <datafield tag="330" ind1=" " ind2=" ">
   <subfield code="a">本书针对企业使用人才过程中经常遇到的问题，从思想层面、管理层面、激励层面三个角度阐述如何高效使用人才。在思想上，要能把人才放对位置，能够不拘一格用人才，能巧妙组合人才；在管理上，能做到有效培养人才，给他适当授权，和他高效沟通；在激励上，要创造一个有效竞争的氛围，做好绩效管理，给予多维度的激励。三个层面的内容环环相扣，形成完整的人才使用指南。书中有大量实用的图表和真实的案例，能帮助读者找到自己在人才使用中的痛点，并针对性地破解。</subfield>
  </datafield>
  <datafield tag="606" ind1="0" ind2=" ">
   <subfield code="a">企业管理</subfield>
   <subfield code="x">人才管理</subfield>
  </datafield>
  <datafield tag="690" ind1=" " ind2=" ">
   <subfield code="a">F272.92</subfield>
   <subfield code="v">5</subfield>
  </datafield>
  <datafield tag="701" ind1=" " ind2="0">
   <subfield code="a">董超</subfield>
   <subfield code="9">dong chao</subfield>
   <subfield code="c">(人力资源)</subfield>
   <subfield code="4">著</subfield>
  </datafield>
  <datafield tag="701" ind1=" " ind2="0">
   <subfield code="a">丁路遥</subfield>
   <subfield code="9">ding lu yao</subfield>
   <subfield code="4">著</subfield>
  </datafield>
  <datafield tag="701" ind1=" " ind2="0">
   <subfield code="a">朱燕</subfield>
   <subfield code="9">zhu yan</subfield>
   <subfield code="c">(女)</subfield>
   <subfield code="4">著</subfield>
  </datafield>
  <datafield tag="999" ind1="f" ind2="f">
   <subfield code="s">45675632-2020-4018-9a92-dd0d744e7d07</subfield>
   <subfield code="i">546d4f3d-fa8e-4c26-becb-65f000a5ba82</subfield>
  </datafield>
 </record>
</collection>
